Normal view
MARC view
Entry Personal Name
001 - CONTROL NUMBER
- control field: 34829
003 - CONTROL NUMBER IDENTIFIER
- control field: ARRUPE
005 - DATE AND TIME OF LATEST TRANSACTION
- control field: 20170817091501.0
008 - FIXED-LENGTH DATA ELEMENTS
- fixed length control field: 170817|| aca||aabn | a|a d
040 ## - CATALOGING SOURCE
- Original cataloging agency: ARRUPE
- Transcribing agency: ARRUPE
100 ## - HEADING--PERSONAL NAME
- Personal name: Kraybill, nelson J.
670 ## - SOURCE DATA FOUND
- Source citation: Work cat.: (ARRUPE): Kraybill, nelson J., Apocalypse and allegiance, 2010